000 00353 a2200157 4500
001 180662
020 _a
040 _cMagnum
100 _aNicola, José de
240 1 0 _aAtividade e criatividade/v.1
_lpor
245 1 0 _aAtividade e criatividade/v.1
362 0 _a1899
440 1 _aScipione
697 _aMAGNITO: PRODUCAO DE TEXTO
942 _cBK
999 _c180662
_d180662